Teacher education in india (Record no. 2058)

MARC details
000 -LEADER
fixed length control field 00514cam a2200205ua 4500
001 - CONTROL NUMBER
control field 2192
005 - DATE AND TIME OF LATEST TRANSACTION
control field 20260515113446.0
008 - FIXED-LENGTH DATA ELEMENTS--GENERAL INFORMATION
fixed length control field 110806n ii |||gr||||Z||||||eng
020 ## - INTERNATIONAL STANDARD BOOK NUMBER
International Standard Book Number 81-7041-649-3
040 ## - CATALOGING SOURCE
Transcribing agency MAIN
082 ## - DEWEY DECIMAL CLASSIFICATION NUMBER
Classification number 370.711
100 ## - MAIN ENTRY--PERSONAL NAME
Personal name Sharma, S. R.,
Relator term Author.
245 1# - TITLE STATEMENT
Title Teacher education in india
Statement of responsibility, etc. by S. R. Sharma
250 ## - EDITION STATEMENT
Edition statement 1st.
260 ## - PUBLICATION, DISTRIBUTION, ETC.
Place of publication, distribution, etc. New Delhi:
Name of publisher, distributor, etc. Anmol publication,992.
300 ## - PHYSICAL DESCRIPTION
Extent 650p:
Dimensions 23cm.
653 ## - INDEX TERM--UNCONTROLLED
Uncontrolled term Education
653 ## - INDEX TERM--UNCONTROLLED
Uncontrolled term Teacher education in india
942 ## - ADDED ENTRY ELEMENTS (KOHA)
Koha item type Books
Holdings
Withdrawn status Lost status Damaged status Not for loan Home library Current library Shelving location Date acquired Total checkouts Full call number Barcode Date last seen Copy number Price effective from Koha item type
        Naharkatiya College Library Naharkatiya College Library General stacks 09/19/2020   370.711 | SHA 11217 09/19/2020 1 09/19/2020 Books